Elizabeth Taylor Movies: Sudden Death - Statistics

General Stats
  • This quiz has been taken 103 times
  • The average score is 7 of 12
Answers on the Grid
Answers color-coded by a green-red scale on the quiz's grid according to % correct below.
Cat on a Hot Tin Roof
Giant
African Queen
Suddenly, Last Summer
Cleopatra
The Taming of the Shrew
Mommie Dearest
Who's Afraid of Virginia Woolf?
National Velvet
Gone with the Wind
Sunset Boulevard
All About Eve
A Place in the Sun
Ash Wednesday
A Streetcar Named Desire
BUtterfield 8
Reflections in a Golden Eye
The Mirror Crack'd
North by Northwest
How to Marry a Millionaire
 
Answer Stats
Answer % Correct
Cleopatra
90%
Cat on a Hot Tin Roof
87%
Who's Afraid of Virginia Woolf?
76%
Giant
66%
National Velvet
63%
BUtterfield 8
57%
Suddenly, Last Summer
52%
A Place in the Sun
51%
The Mirror Crack'd
48%
The Taming of the Shrew
48%
Ash Wednesday
37%
Reflections in a Golden Eye
37%
No matching quizzes found
Score Distribution
Percent of People with Each Score
Percentile by Number Answered
Your Score History
You have not taken this quiz